Basic electrical and instrumentation engineering / (Record no. 168473)

MARC details
000 -LEADER
fixed length control field 00652nam a22001817a 4500
005 - DATE AND TIME OF LATEST TRANSACTION
control field 20191010145004.0
010 ## - LCCN (DPL NO)
LC control number ENG-126636
020 ## - INTERNATIONAL STANDARD BOOK NUMBER
International Standard Book Number 9789387432390
Terms of availability 475.00
035 ## - SYSTEM CONTROL NUMBER
System control number EN-110168
037 ## - SOURCE OF ACQUISITION
Source of stock number/acquisition DBAD/PUB
082 ## - DEWEY DECIMAL CLASSIFICATION NUMBER
Classification number 621.3
100 ## - MAIN ENTRY--PERSONAL NAME
Personal name Salivahanan, S.
245 ## - TITLE STATEMENT
Title Basic electrical and instrumentation engineering /
Statement of responsibility, etc by S. Salivahanan, R. Rengaraj [and] G.R. Venkatakrishnan
260 ## - PUBLICATION, DISTRIBUTION, ETC. (IMPRINT)
Place of publication, distribution, etc Chennai
Name of publisher, distributor, etc Mc Graw Hill Education
Date of publication, distribution, etc 2018
270 ## - ADDRESS
Address 444/1, Ekambara Naicker Industrial Estate
City Alapakkam, Porur, Chennai
Postal code 600116
Electronic mail address info.india@mheducation.com
300 ## - PHYSICAL DESCRIPTION
Extent viii;406p.
Dimensions 23cm(pbk)
942 ## - ADDED ENTRY ELEMENTS (KOHA)
Source of classification or shelving scheme Dewey Decimal Classification
Item type English Books
Classification part 621.3
Call number suffix SAL
Holdings
Withdrawn status Lost status Not for loan Collection code Home library Current library Date acquired Source of acquisition Cost, normal purchase price Full call number Barcode Copy number Cost, replacement price Koha item type
      Non-fiction Sarojini Nagar Sarojini Nagar 10/10/2019 DBAD/PUB 475.00 621.3 SAL EN-110168 1 475.00 English Books

© Delhi Public Library
Hit Counter
free hit counter